Responses for show #3259 - Thursday, November 5, 1998

Contestants

[<< previous game]

Debbie Thomas, a graduate student from Tarboro, North Carolina

Tom Schellhammer, a lawyer from Arlington, Virginia

Mark Sheehan, an attorney from Mansfield Center, Connecticut (whose 1-day cash winnings total $6,650)

[next game >>]

Jeopardy! Round responses

1997
INCREDIBLE EDIBLES
A CAPITAL IDEA
PROFESSIONS IN SONG
ROCKET SCIENCE
WORD PUZZLES
    $100 1
Billy Crystal

Debbie
    $100 16
(D: What is lamb?)
(Alex: It should be marinated for more than a day!)

Bear

Debbie
Triple Stumper
    $100 4
Oslo

Mark
    $100 19
David Bowie

Mark
    $100 9
Booster

Tom
    $100 18
Head-on collision

Tom
    $200 2
Protective glasses

Debbie
    $200 17
Catnip

Mark
    $200 5
Addis Ababa

Mark
    $200 20
"Please Mr. Postman"

Debbie
    $200 10
Jet propulsion

Debbie
    $200 22
Just between friends

Tom
    $300 3
(Debbie: Who is Dong?)
(Alex: Be more specific...)
(Debbie: [No response])

Deng Xiaoping

TomDebbie
    $300 21
Frogs

Mark
    $300 6
(T: What is Auckland?)

Wellington

MarkTom
    $300 23
"Hot For Teacher"

Tom
    $300 11
Francis Scott Key

Mark
    $300 26
Long underwear

Debbie
    $400 14
Heaven's Gate

Triple Stumper
    $400 29
(D: What is a porcupine?)

Hedgehog

MarkDebbie
    $600 7
Nigeria

Mark
    $400 24
In self-defense

Tom
    $400 12
Nuclear energy

Debbie
    $400 27
(M: What is flak?)

Back talk

MarkTom
    $500 15
(M: What is Mars?)

Jupiter

MarkTom
    $500 30
Goat

Mark
    $500 8
Pakistan

Tom
    $500 25
Jackson Browne

Tom
    $500 13
Sir Isaac Newton

Debbie
    $500 28
They go up in smoke

Mark

Scores at the first commercial break (after clue 11):

Mark Tom Debbie
$1,500 $600 $200

Scores at the end of the Jeopardy! Round:

Mark Tom Debbie
$2,600 $3,000 $1,100

Double Jeopardy! Round responses

LITERARY QUOTES
FOUNDER'S DAY
PRESIDENTIAL NICKNAMES
TOUGH OZ
THE WANDER YEARS
"T" TIME
    $200 11
Tom Sawyer

Debbie
    $200 26
San Francisco

Mark
    $200 6
Harry S. Truman

Tom
    $200 16
Sprays her with water

Tom
    $200 21
Jack Kerouac

Tom
    $200 1
Tongue

Debbie
    $400 12
Smile

Mark
    $400 27
(D: What are libraries?)

Mines

MarkDebbie
    $400 7
Theodore Roosevelt

Debbie
    $400 17
Lions and tigers and bears

Debbie
    $400 22
Sinai

Mark
    $400 2
Treacle

Mark
    $600 15
Wuthering Heights

Debbie
    $600 28
(D: Who was Aristotle?)
(T: Who was Socrates?)

Plato

MarkTomDebbie
    $600 8
Zachary Taylor

Tom
    $600 18
(Mark: What are his arms?)
(Debbie: What is his head... neck?)

his mouth

MarkDebbie
Triple Stumper
    $600 23
Johnny Appleseed

Mark
    $600 3
Turkish

Mark
    $800 14
Pogo

Tom
    $800 29
(M: Who is Mother Teresa?)

Mother Cabrini

Mark
Triple Stumper
    $800 9
(M: Who is Nixon?)

Herbert Hoover

Mark
Triple Stumper
    $800 19
Turn back

Triple Stumper
    $800 24
(M: What is a comet?)

Planet

MarkTom
    $800 4
Tramp steamer

Mark
    $1000 13
(M: What is "The Scarlet Letter?")

"The House Of The Seven Gables"

MarkDebbie
    $1000 30
Tanglewood

Triple Stumper
    $1,800 10
(Alex: James Madison was the first)

James Monroe

Tom
    $1000 20
(Alex: Debbie, that's why we call it TOUGH OZ!)

the Horse of a Different Color

Triple Stumper
    $2,000 25
Venice

Tom
    $1000 5
Tulle

Triple Stumper

Scores at the end of the Double Jeopardy! Round:

Mark Tom Debbie
$3,000 $9,000 $2,300
(lock game)

[wagering suggestions for these scores]

Final Jeopardy! Round responses

FAMOUS HOTELS
(Alex: Tom, you get to come back next week in Boston and tomorrow, of course, we've got Martina, Reggie, and Kareem for our "Sports Legends" game. Hope to see you then!)
DebbieWhat is the Ritz?
$2,201
MarkWhat is the Waldorf-Astoria
$0
TomWhat is the Algonquin?
$1,500
the Algonquin Hotel

Final scores:

Mark Tom Debbie
$3,000 $10,500 $99
2nd place: Zenith 32-inch Color TV & Hooker Entertainment Center Cabinet New champion: $10,500 3rd place: Trip for Two on Amtrak

Game dynamics:

Coryat scores:

Mark Tom Debbie
$2,800 $7,200 $2,300
20 R
(including 1 DD),
7 W
18 R
(including 2 DDs),
2 W
13 R,
6 W

Combined Coryat: $12,300

The J! Archive is created by fans, for fans. The Jeopardy! game show and all elements thereof, including but not limited to copyright and trademark thereto, are the property of Jeopardy Productions, Inc. and are protected under law. This website is not affiliated with, sponsored by, or operated by Jeopardy Productions, Inc. Join the discussion at JBoard.tv.